Statistics for Capitals by River

Click here to take the quiz!

General Stats

  • This quiz has been taken 11,952 times
    (11,921 since last reset)
  • The average score is 11 of 20

Answer Stats

River Capital Cities % Correct
ThamesLondon
99%
NileCairo / Juba / Khartoum
97%
SeineParis
96%
DanubeBelgrade / Bratislava /
Budapest / Vienna
86%
PotomacWashington D.C.
76%
TigrisBaghdad
76%
CongoBrazzaville / Kinshasa
72%
AmstelAmsterdam
71%
TiberRome
68%
DnieprKiev
59%
MekongPhnom Penh / Vientiane
52%
LiffeyDublin
50%
VistulaWarsaw
43%
NigerBamako / Niamey
39%
HanSeoul
35%
VltavaPrague
30%
SpreeBerlin
30%
TagusLisbon
23%
ManzanaresMadrid
22%
SumidaTokyo
15%

Score Distribution

Percentile by Number Answered

Percent of People with Each Score

Your Score History

You have not taken this quiz since the last reset